|
|
|
|
| LEADER |
00000naa2a2200000 4500 |
| 001 |
431475 |
| 005 |
20231101075404.0 |
| 035 |
|
|
|a (RuTPU)RU\TPU\prd\91604
|
| 035 |
|
|
|a RU\TPU\prd\18378
|
| 090 |
|
|
|a 431475
|
| 100 |
|
|
|a 20101130a2003 k y0rusy50 ca
|
| 101 |
0 |
|
|a rus
|
| 102 |
|
|
|a RU
|
| 200 |
1 |
|
|a Когерентное пленение населенности в газе возбужденных атомов
|f П. М. Анисимов, Р. А. Ахмеджанов, И. В. Зеленский и др.
|
| 225 |
1 |
|
|a Атомы, спектры, излучение
|
| 320 |
|
|
|a Библиогр.: 16 назв.
|
| 461 |
|
1 |
|0 (RuTPU)RU\TPU\prd\1443
|x 0044-4510
|t Журнал экспериментальной и теоретической физики
|l ЖЭТФ
|f Российская академия наук (РАН) ; Отделение физических наук РАН
|d 1931-
|
| 463 |
|
1 |
|0 (RuTPU)RU\TPU\prd\91600
|t Т. 123, вып. 5
|v с. 912-918
|d 2003
|
| 610 |
1 |
|
|a населенность
|
| 610 |
1 |
|
|a когерентное пленение
|
| 610 |
1 |
|
|a газовые разряды
|
| 610 |
1 |
|
|a атомы неона
|
| 610 |
1 |
|
|a продольное магнитное поле
|
| 610 |
1 |
|
|a исследование
|
| 701 |
|
1 |
|a Анисимов
|b П. М.
|
| 701 |
|
1 |
|a Ахмеджанов
|b Р. А.
|
| 701 |
|
1 |
|a Зеленский
|b И. В.
|
| 701 |
|
1 |
|a Колесов
|b Р. Л.
|
| 701 |
|
1 |
|a Кузнецова
|b Е. А.
|
| 801 |
|
1 |
|a RU
|b 63413507
|c 20031014
|g PSBO
|
| 801 |
|
2 |
|a RU
|b 63413507
|c 20101201
|g RCR
|
| 942 |
|
|
|c BK
|